000 00282nam a22001337a 4500
008 170510b xxu||||| |||| 00| 0 eng d
020 _a9780393060126
041 _aeng
080 _a34
100 _a15
101 _aSHJ
245 _aPREMPTION
_cDERSHOWITZ.A.M
942 _2udc
_cBK
999 _c13059
_d13059